000309149 001__ 309149
000309149 005__ 20240928181507.0
000309149 0247_ $$aG:(GEPRIS)35613221$$d35613221
000309149 035__ $$aG:(GEPRIS)35613221
000309149 040__ $$aGEPRIS$$chttp://gepris.its.kfa-juelich.de
000309149 150__ $$aMessung und Strukturelle Interpretation anisotroper Parameter in der hochauflösenden NMR-Spektroskopie$$y2007 - 2013
000309149 371__ $$aProfessor Dr. Burkhard Luy
000309149 450__ $$aDFG project G:(GEPRIS)35613221$$wd$$y2007 - 2013
000309149 5101_ $$0I:(DE-588b)2007744-0$$aDeutsche Forschungsgemeinschaft$$bDFG
000309149 680__ $$aViele Strukturfragen chemisch, biologisch und medizinisch interessanter Moleküle können mit konventionellen Methoden der hochauflösenden NMR-Spektroskopie nicht geklärt werden. Anisotrope NMR-Parameter wie dipolare Restkopplungen (RDCs) und residuale chemische Verschiebungsanisotropie (RCSA), gemessen in partiell orientierten Proben, können hier in vielen Fällen weiter helfen. Die akkurate und vorzeichenempfindliche Messung von entsprechenden Kopplungskonstanten und die exakte Referenzierung von Spektren zur Messung von RCSA im ppb-Bereich sind jedoch sehr schwierig. Nachdem im Rahmen dieses Projekts bereits viele Verbesserungen bei entsprechenden NMR-Experimenten eingeführt worden sind, sollen in der beantragten zweiten Phase des Projekts weitere Pulssequenzen und Pulssequenzbausteine mit Hilfe der Optimalen Kontrolltheorie entwickelt werden, Auswerteprogramme für bereits bestehende Techniken geschrieben und der gezielte Einsatz der Skalierung von anisotropen Parametern zur Vorzeichenbestimmung von langreichweitigen RDCs und RCSA eingeführt werden. Weiterhin soll die Interpretation von anisotropen NMR-Parametern mit Hilfe von MD-Simulationen bei der Orientierungsvorhersage, der Bestimmung von Diastereomeren flexibler Moleküle und der neuartigen Modellierung konformationeller Dynamik mit RDCs aus einem einzigen Orientierungsmedium ausgebaut bzw. eingeführt werden. Mit den geplanten Erweiterungen würde in etwa eine Verdoppelung der messbaren anisotropen NMR-Parameter und eine standardisierte Auswertung auch flexibler Moleküle erreicht.
000309149 909CO $$ooai:juser.fz-juelich.de:976024$$pauthority$$pauthority:GRANT
000309149 909CO $$ooai:juser.fz-juelich.de:976024
000309149 980__ $$aG
000309149 980__ $$aAUTHORITY